Southville International School and Colleges
Your cart is empty.
  • Cart
  • Lists
    Public lists Eva Luna New books Lux_list list_1
    Your lists Log in to create your own lists
  • Log in to your account
  • Your cookies
  • Search history
Southville International School and Colleges
  • Advanced search
  • Recent comments
  • Most popular
  • Libraries

Log in to your account

Log in with GOOGLE


If you do not have an external account, but do have a local account, you can still log in:

  1. Home
  2. MARC view: A Man for all seasons :
Normal view MARC view ISBD view

A Man for all seasons : (Record no. 35496)

[ view plain ]
MARC details
000 -LEADER
fixed length control field 00451nam a2200145 a 4500
005 - DATE AND TIME OF LATEST TRANSACTION
control field 20140311130135.0
008 - FIXED-LENGTH DATA ELEMENTS--GENERAL INFORMATION
fixed length control field 030130s19uu xx 00 eng d
100 ## - MAIN ENTRY--PERSONAL NAME
Personal name Bolt, Robert
245 ## - TITLE STATEMENT
Title A Man for all seasons :
Remainder of title a play in two acts /
Statement of responsibility, etc Robert Bolt.
650 ## - SUBJECT ADDED ENTRY--TOPICAL TERM
Topical term or geographic name as entry element More, thomas, Sir Saint
General subdivision 1478-1535
-- Drama
650 ## - SUBJECT ADDED ENTRY--TOPICAL TERM
Topical term or geographic name as entry element Christian saints
General subdivision Drama
650 ## - SUBJECT ADDED ENTRY--TOPICAL TERM
Topical term or geographic name as entry element Great Britain
General subdivision History--Henry VIII--1509--1547
-- Drama
942 ## - ADDED ENTRY ELEMENTS (KOHA)
Koha item type Books

No items available.

A Man for all seasons :

APA

Bolt R., .A Man for all seasons. : .

Chicago

Bolt Robert, .A Man for all seasons. : .

Harvard

Bolt R., .A Man for all seasons. : .

MLA

Bolt Robert, .: . .

  • Print
  • Cite
  • Add to your cart (remove)
  • Save record
    BIBTEX Dublin Core MARCXML MARC (non-Unicode/MARC-8) MARC (Unicode/UTF-8) MARC (Unicode/UTF-8, Standard) MODS (XML) RIS
  • More searches
    Search for this title in:
    Other Libraries (WorldCat) Other Databases (Google Scholar) Online Stores (Bookfinder.com) Open Library (openlibrary.org)

Exporting to Dublin Core...

SOUTHVILLE LIBRARY

Southville International School and Colleges Library

1281 Tropical Ave. Cor. Luxembourg St., BF Homes International, Las Pinas City

Tel. No. 8256374 / 252358 Loc. 117/146

Powered by Koha